00792nam a2200169 i 4500001000700000003000900007005001700016008004100033040002000074100003100094245020100125260006200326300002100388651003800409651003800447852013700485159082ES-MaACL20230906211437.0040908s1885 cu |||| | spa d aCAM bspa cCAM1 aMas y Otzet, Francisco de.13aLa cuestion palpitante b: estudio historico-politico sobre el conflicto hispano-aleman : con una exposicion del derecho de España sobre los Palaos y Carolinas / cpor Francisco de Mas y Otzet. aHabana : bMolinas y July, c1885 (fTip. "La Universal") a74 p. ; c26 cm. 4aAlemania-xRelaciones-zEspaña. 4aEspaña-xRelaciones-zAlemania. aES-MaACLjT-955-F-8 z-- Enc. hol. conservando la cub. original z-- Legado de González del Campillo z-- Enc. en un vol. facticio